| 000 | 00416nam a2200157Ia 4500 | ||
|---|---|---|---|
| 008 | 210716s1999 xx 000 0 und d | ||
| 020 | _a8120306716 | ||
| 041 | _aeng | ||
| 082 | _a005.74 LOOM | ||
| 100 | _aLoomis, Mary E S. | ||
| 245 | _aData management and file structures. | ||
| 250 | _a2 | ||
| 260 |
_aNew Delhi _bPrentice Hall of India PVt Ltd _c1999 |
||
| 300 | _axxiii,488 | ||
| 650 | _aDatabase Management | ||
| 999 |
_c183670 _d183670 |
||